| 000 | 01121 a2200277 4500 | ||
|---|---|---|---|
| 003 | Nust | ||
| 005 | 20230601093803.0 | ||
| 010 | _a 86081957 | ||
| 020 | _a025603639X (pbk.) | ||
| 040 | _cNust | ||
| 082 | 0 | 0 | _a005.362,TEG |
| 100 | 1 |
_aTeglovic, Steve. _9112935 |
|
| 245 | 1 | 0 |
_aStructured VAX BASIC and BASIC-plus / _cSteve Teglovic, Jr., Kenneth D. Douglas. |
| 250 | _a2nd ed. | ||
| 260 |
_aHomewood, Ill. : _bIrwin, _c1987. |
||
| 300 |
_axvi, 456 p. : _bill. ; _c24 cm. |
||
| 440 | 0 |
_aIrwin series in information and decision sciences _9112321 |
|
| 505 | _aSection:1 Introduction to the Basic Programming Language (Page-1), Section:2 Beginning Basic Programming (Page-55), Section:3 Intermediate Basic Programming (Page- 119), Section:4 Advance Basic Programming (Page- 299). | ||
| 650 | 0 |
_aBASIC (Computer program language) _9783 |
|
| 650 | 0 |
_aBASIC-PLUS (Computer program language) _9112936 |
|
| 650 | 0 |
_aStructured programming. _93675 |
|
| 650 | 0 |
_aVAX-11 (Computer) _xProgramming. _9112937 |
|
| 700 | 1 |
_aDouglas, Kenneth D. _9112938 |
|
| 700 | 1 |
_aTeglovic, Steve. _9112935 |
|
| 942 |
_2ddc _cBK _k005.362,TEG |
||
| 999 |
_c180470 _d180470 |
||